000 00434cam a22001217a 4500
008 180718b1969 xxu||||| |||| 00| 0 eng d
082 _aA81x54 In2/61/6/Pt6/2
100 _aCensus of India 1961
245 _aJammu and Kashmir: village survey monograph of Mattan tehsil and Anantnag
260 _aDelhi
_bThe Manager of Publications
_c1969
300 _a127+p.
440 _aCensus of India 1961. Volume VI, Jammu & Kashmir. Part VI.No. 2
999 _c484128
_d484128